00502cam a22001572 4500001001100000005001700011008004100028020002600069040001500095100003100110245007800141260003300219300001200252650005400264650002600318000000638620151217145832.0071025s xx 000 0 eng d a9966805656 :cKES 590 aKABUcKABU1 aLaHaye, Tim F.@000008807414aThe Act of marriage :bthe beauty of sexual love /cTim & Beverly LaHaye. aNairobi :bWordAlive,c2005. a304 p. 0aSexxReligious aspectsxChristianity.@0000149277 0aMarriage.@0000152876